Sports Quiz

Random Sports or Baseball Quiz

MLB 20 for 20 Quiz Stats

 Plays Quiz Updated Dec 19, 2018

Score 0/219 Timer 20:00
12 Plays Today
Record Player % Correct
750+ HRsBarry Bonds
97.3%
5+ Consecutive Seasons w/ 40 HRsBarry Bonds
97.3%
3+ MVP AwardsBarry Bonds
97.3%
2950+ games playedBarry Bonds
97.3%
1500+ base on ballsBarry Bonds
97.3%
52+ HRs in a single seasonBarry Bonds
97.3%
750+ HRsHank Aaron
95.2%
3600+ HsHank Aaron
95.1%
2950+ games playedHank Aaron
95.1%
15+ grand slamsHank Aaron
95.1%
800+ SBsRickey Henderson
90.5%
100+ SBs in a seasonRickey Henderson
90.5%
2950+ games playedRickey Henderson
90.5%
1500+ base on ballsRickey Henderson
90.5%
5+ Consecutive Seasons w/ 40 HRsBabe Ruth
90.3%
15+ grand slamsBabe Ruth
90.3%
1500+ base on ballsBabe Ruth
90.3%
52+ HRs in a single seasonBabe Ruth
90.3%
3600+ HsPete Rose
89.9%
40+ game Hitting StreakPete Rose
89.9%
650+ 2BsPete Rose
89.9%
2950+ games playedPete Rose
89.9%
1500+ base on ballsPete Rose
89.9%
5+ Consecutive Seasons w/ 40 HRsAlex Rodriguez
86.9%
3+ MVP AwardsAlex Rodriguez
86.9%
15+ grand slamsAlex Rodriguez
86.9%
52+ HRs in a single seasonAlex Rodriguez
86.9%
3500+ KsRandy Johnson
86.8%
Unanimous Cy Young winnersRandy Johnson
86.8%
Pitching triple crown winners (live ball era)Randy Johnson
86.8%
Catchers with 1070+ RBIsIvan Rodriguez
86.3%
3500+ KsWalter Johnson
86.2%
Pitching triple crown winners (live ball era)Walter Johnson
86.2%
50+ shutoutsWalter Johnson
86.2%
HR as a teen, HR as a 40-year-oldAlex Rodriguez
85.7%
40+ game Hitting StreakJoe Dimaggio
85%
3+ MVP AwardsJoe Dimaggio
85%
3500+ KsNolan Ryan
84%
50+ shutoutsNolan Ryan
84%
5+ Consecutive Seasons w/ 40 HRsSammy Sosa
82.8%
52+ HRs in a single seasonSammy Sosa
82.8%
HR as a teen, HR as a 40-year-oldTy Cobb
82%
3600+ HsTy Cobb
82%
800+ SBsTy Cobb
82%
40+ game Hitting StreakTy Cobb
82%
650+ 2BsTy Cobb
82%
2950+ games playedTy Cobb
82%
5+ Consecutive Seasons w/ 40 HRsKen Griffey Jr.
80.2%
15+ grand slamsKen Griffey Jr.
80.2%
52+ HRs in a single seasonKen Griffey Jr.
80.2%
52+ HRs in a single seasonMark McGwire
80.1%
3+ MVP AwardsMickey Mantle
79.4%
1500+ base on ballsMickey Mantle
79.4%
52+ HRs in a single seasonMickey Mantle
79.4%
15+ grand slamsTed Williams
78.7%
1500+ base on ballsTed Williams
78.7%
Pitchers with Multiple Gold Glove AwardsGreg Maddux
78.1%
3500+ KsRoger Clemens
78.1%
Unanimous Cy Young winnersRoger Clemens
78.1%
Pitching triple crown winners (live ball era)Roger Clemens
78.1%
15+ grand slamsLou Gehrig
76.1%
1500+ base on ballsLou Gehrig
76.1%
Catchers with 1070+ RBIsJohnny Bench
73.2%
Unanimous Cy Young winnersGreg Maddux
72.7%
2950+ games playedWillie Mays
71.3%
52+ HRs in a single seasonWillie Mays
71.3%
3+ MVP AwardsYogi Berra
70.2%
Catchers with 1070+ RBIsYogi Berra
70.2%
50+ shutoutsCy Young
67.2%
3+ MVP AwardsAlbert Pujols
66.8%
Catchers with 1070+ RBIsMike Piazza
65.4%
800+ SBsLou Brock
64%
100+ SBs in a seasonLou Brock
64%
Record Player % Correct
2950+ games playedCal Ripken Jr.
63.7%
Unanimous Cy Young winnersPedro Martinez
63.2%
Pitching triple crown winners (live ball era)Pedro Martinez
63.2%
52+ HRs in a single seasonRoger Maris
62.1%
3600+ HsStan Musial
61.4%
650+ 2BsStan Musial
61.4%
3+ MVP AwardsStan Musial
61.4%
2950+ games playedStan Musial
61.4%
1500+ base on ballsStan Musial
61.4%
Unanimous Cy Young winnersSandy Koufax
60.7%
Pitching triple crown winners (live ball era)Sandy Koufax
60.7%
15+ grand slamsManny Ramirez
59.9%
Unanimous Cy Young winnersClayton Kershaw
59.5%
Batting title in 3 decadesGeorge Brett
57.2%
650+ 2BsGeorge Brett
57.2%
Unanimous Cy Young winnersBob Gibson
56.2%
50+ shutoutsBob Gibson
56.2%
Catchers with 1070+ RBIsCarlton Fisk
54.7%
Unanimous Cy Young winnersJustin Verlander
54.6%
Pitching triple crown winners (live ball era)Justin Verlander
54.6%
3500+ KsSteve Carlton
54.2%
Unanimous Cy Young winnersSteve Carlton
54.2%
Pitching triple crown winners (live ball era)Steve Carlton
54.2%
50+ shutoutsSteve Carlton
54.2%
1500+ base on ballsJim Thome
54.1%
52+ HRs in a single seasonJim Thome
54.1%
3+ MVP AwardsMike Schmidt
53.3%
1500+ base on ballsMike Schmidt
53.3%
3+ MVP AwardsJimmie Foxx
53.1%
15+ grand slamsJimmie Foxx
53.1%
52+ HRs in a single seasonJimmie Foxx
53.1%
1500+ base on ballsFrank Thomas
52.1%
3500+ KsTom Seaver
51.9%
50+ shutoutsTom Seaver
51.9%
52+ HRs in a single seasonRyan Howard
50.8%
15+ grand slamsRyan Howard
50.2%
2950+ games playedCarl Yastrzemski
50.2%
1500+ base on ballsCarl Yastrzemski
50.2%
52+ HRs in a single seasonLuis Gonzalez
49.8%
52+ HRs in a single seasonDavid Ortiz
49.8%
650+ 2BsCraig Biggio
48.4%
Catchers with 1070+ RBIsGary Carter
46%
100+ SBs in a seasonVince Coleman
45.9%
52+ HRs in a single seasonGiancarlo Stanton
45.7%
52+ HRs in a single seasonChris Davis
44.7%
800+ SBsTim Raines
43.6%
1500+ base on ballsHarmon Killebrew
43.5%
15+ grand slamsWillie McCovey
42.7%
1500+ base on ballsMel Ott
42.2%
50+ shutoutsJim Palmer
40.3%
50+ shutoutsChristy Mathewson
39.9%
52+ HRs in a single seasonAaron Judge
39.9%
Pitchers with Multiple Gold Glove AwardsBob Gibson
39.7%
3+ MVP AwardsRoy Campanella
39.7%
2950+ games playedEddie Murray
39.7%
15+ grand slamsEddie Murray
39.7%
52+ HRs in a single seasonHank Greenberg
39.6%
1500+ base on ballsJoe Morgan
39%
52+ HRs in a single seasonHack Wilson
39%
650+ 2BsTris Speaker
38.6%
Pitchers with Multiple Gold Glove AwardsMark Buehrle
38.3%
Pitching triple crown winners (live ball era)Clayton Kershaw
36.3%
Unanimous Cy Young winnersRoy Halladay
35.9%
3500+ KsBert Blyleven
35.8%
50+ shutoutsBert Blyleven
35.8%
800+ SBsBilly Hamilton
34.4%
100+ SBs in a seasonBilly Hamilton
34.4%
50+ shutoutsWarren Spahn
33.9%
15+ grand slamsCarlos Lee
33.4%
5+ Consecutive Seasons w/ 40 HRsRalph Kiner
33.3%
52+ HRs in a single seasonRalph Kiner
33.3%
Pitching triple crown winners (live ball era)Bob Feller
32.2%
100+ SBs in a seasonMaury Wills
32.1%
Record Player % Correct
52+ HRs in a single seasonGeorge Foster
31.9%
Unanimous Cy Young winnersDwight Gooden
31.7%
Pitching triple crown winners (live ball era)Dwight Gooden
31.7%
5+ Consecutive Seasons w/ 40 HRsAdam Dunn
31.7%
3500+ KsDon Sutton
31.1%
50+ shutoutsDon Sutton
31.1%
HR as a teen, HR as a 40-year-oldGary Sheffield
31%
3500+ KsGaylord Perry
30.9%
50+ shutoutsGaylord Perry
30.9%
Pitchers with Multiple Gold Glove AwardsJim Palmer
30.5%
Pitching triple crown winners (live ball era)Pete Alexander
30.3%
50+ shutoutsPete Alexander
30.3%
100+ SBs in a seasonTom Brown
29.6%
50+ shutoutsMordecai 'Three-Finger' Brown
29.6%
2950+ games playedDave Winfield
29.4%
52+ HRs in a single seasonJose Bautista
29.1%
650+ 2BsNap Lajoie
28.6%
Unanimous Cy Young winnersJohan Santana
28.4%
Pitching triple crown winners (live ball era)Johan Santana
28.4%
Pitching triple crown winners (live ball era)Lefty Grove
28.3%
5+ Consecutive Seasons w/ 40 HRsDuke Snider
28.2%
Pitchers with Multiple Gold Glove AwardsPhil Niekro
27.3%
40+ game Hitting StreakWillie Keeler
26.2%
Catchers with 1070+ RBIsBill Dickey
26%
Pitchers with Multiple Gold Glove AwardsZack Greinke
25.4%
Catchers with 1070+ RBIsTed Simmons
24.4%
Pitchers with Multiple Gold Glove AwardsJim Kaat
23.5%
50+ shutoutsJuan Marichal
23.5%
Pitchers with Multiple Gold Glove AwardsMike Mussina
22.9%
Pitchers with Multiple Gold Glove AwardsRich Reuschel
22.8%
Pitchers with Multiple Gold Glove AwardsHarvey Haddix
22.8%
40+ game Hitting StreakGeorge Sisler
22%
Unanimous Cy Young winnersRon Guidry
21.6%
1500+ base on ballsDarrell Evans
21.5%
Unanimous Cy Young winnersDenny McLain
20.4%
Unanimous Cy Young winnersOrel Hershiser
19.8%
15+ grand slamsDave Kingman
19.4%
15+ grand slamsRobin Ventura
19.4%
Pitching triple crown winners (live ball era)Lefty Gomez
18.9%
Pitchers with Multiple Gold Glove AwardsRon Guidry
18.7%
Unanimous Cy Young winnersJake Peavy
18.5%
Pitching triple crown winners (live ball era)Jake Peavy
18.5%
Catchers with 1070+ RBIsJoe Torre
18.5%
Catchers with 1070+ RBIsLance Parrish
16.6%
Pitchers with Multiple Gold Glove AwardsMark Langston
16.4%
2950+ games playedOmar Vizquel
16.2%
HR as a teen, HR as a 40-year-oldRusty Staub
15.9%
2950+ games playedRusty Staub
15.9%
Catchers with 1070+ RBIsGabby Hartnett
15.6%
Pitchers with Multiple Gold Glove AwardsBobby Shantz
14.3%
Pitchers with Multiple Gold Glove AwardsAdam Wainwright
13.9%
Pitching triple crown winners (live ball era)Hal Newhouser
13.4%
Pitchers with Multiple Gold Glove AwardsKenny Rogers
13.4%
50+ shutoutsEddie Plank
13%
Pitchers with Multiple Gold Glove AwardsDallas Keuchel
12.7%
Pitchers with Multiple Gold Glove AwardsMike Norris
12.4%
50+ shutoutsPud Galvin
12.1%
50+ shutoutsVic Willis
11.8%
15+ grand slamsRichie Sexson
11.2%
50+ shutoutsEd Walsh
10.5%
50+ shutoutsRube Waddell
10.3%
Pitching triple crown winners (live ball era)Dazzy Vance
10.2%
Unanimous Cy Young winnersRick Sutcliffe
9.8%
Pitchers with Multiple Gold Glove AwardsAndy Messersmith
8.8%
1500+ base on ballsEddie Yost
8.4%
40+ game Hitting StreakBill Dahlen
7.1%
100+ SBs in a seasonMonte Ward
6.5%
100+ SBs in a seasonPete Browning
6.2%
100+ SBs in a seasonHugh Nicol
6.1%
100+ SBs in a seasonCharlie Comiskey
5.9%
Pitching triple crown winners (live ball era)Bucky Walters
5.8%
100+ SBs in a seasonArlie Latham
5.7%
100+ SBs in a seasonJim Fogarty
4.5%

You're not logged in!

Compare scores with friends on all Sporcle quizzes.
OR
Log In

You Might Also Like...

Show Comments

Extras

Top Quizzes Today


Score Distribution

Your Account Isn't Verified!

In order to create a playlist on Sporcle, you need to verify the email address you used during registration. Go to your Sporcle Settings to finish the process.

Report this User

Report this user for behavior that violates our Community Guidelines.

Details: